000
00335 a2200157 4500
001
13983
020
_a
9781848770034
040
_c
Anchieta - Aquarius
100
_a
Jay`s, Alison
240
1
0
_a
Animals
_l
eng
245
1
0
_a
Animals
300
_a
16
362
0
_a
2007
650
4
_a
Literatura infanto-juvenil em inglês
942
_c
BK
999
_c
13983
_d
13983